Un film, une année. Quelle année pour ces films célèbres ? (2) - Statistiques

Statistiques générales
  • Ce quiz a été pris 48 fois
  • Le résultat moyen est 25 sur 32
Statistiques - réponses
Film Indice 1 Indice 2 Année % Correct
Le fabuleux destin d'Amélie Poulain Attentats aux Etats-Unis Mort de Charles Trenet 2001
97%
Le Pianiste L'Euro devient la monnaie de la France Le candidat du FN est au 2e tour de l'élection présidentielle 2002
97%
La La Land Attentat de Nice Assassinat du Père Hamel 2016
97%
Top Gun : Maverick Mort d'Elisabeth II Annie Ernaux, prix Nobel de littérature 2022
97%
Le coeur des hommes Canicule en août Meurtre de Marie Trintignant 2003
95%
Les aventuriers de l'arche perdue Election de François Mitterrand Abolition de la peine de mort en France 1981
92%
La vie est belle La France championne du monde de football pour la 1ère fois Assassinat du préfet Erignac 1998
92%
Avatar Barack Obama devient président La France rejoint le commandement intégré de l'OTAN 2009
92%
Citizen Kane Attaque de Pearl Harbor Prise de Koufra 1941
90%
Les quatre filles du docteur March Création de l'Horloge parlante Arrivée de Hitler au pouvoir 1933
87%
La règle du jeu Pacte germano-soviétique Invasion de la Pologne 1939
87%
Les visiteurs du soir Rafle du Vel d'Hiv Invasion de la zone libre par les Allemands 1942
87%
Matrix Sortie de l'album Sang pour sang de Johnny Hallyday Tempêtes Lothar et Martin 1999
87%
Sueurs froides Début de la Ve République De Gaulle en Algérie 1958
85%
Le pont de la rivière Kwaï Bataille d'Alger Traité de Rome 1957
82%
Quai des Orfèvres Entrée en vigueur de la Sécurité Sociale Adoption du Plan Marshall 1947
79%
Le Corniaud De Gaulle réélu contre François Mitterrand Courrèges lance la minijupe en France 1965
79%
E.T. 1ère Fête de la Musique Autorisation de radios privées 1982
79%
Z 1er vol du Concorde Démission du général de Gaulle 1969
77%
Le cercle rouge Mort du général de Gaulle Disparition du sous-marin Eurydice 1970
77%
Amadeus Le PCF quitte la majorité Conflit sur l'enseignement privé 1984
77%
Rencontres du 3e type Jacques Chirac est élu maire de Paris Marie Myriam remporte le concours Eurovision pour la France 1977
74%
La grande vadrouille La France se retire du commandement intégré de l'OTAN Création de la BNP 1966
72%
Le Palais des Mille et Une nuits Séparation des églises et de l'Etat 1er congrès d'espéranto 1905
69%
Un été 42 Mise en place des 1ers horodateurs à Paris Manifeste des 343 en faveur de la légalisation de l'avortement 1971
69%
Le dernier empereur Début de la chaîne M6 Condamnation de Klaus Barbie 1987
69%
L'homme à la tête de caoutchouc Loi sur les associations 1er concours Lépine 1901
64%
La kermesse héroïque Mise en place d'une liaison aérienne Alger-Paris Grève des Midinettes 1935
64%
Le mécano de la Générale Réforme fiscale Poincaré Joséphine Baker aux Folies-Bergères 1926
59%
Le retour d'Ulysse 1ère traversée de la Manche en avion Quadruple exécution capitale à Béthune 1909
56%
Les enfants terribles Création du SMIG Appel de Stockholm pour l'interdiction des armes atomiques 1950
56%
La passion de Jeanne d'Arc Mise en place du Franc Poincaré Loi sur les HLM 1928
54%
Aucun quiz correspondant
Distribution des résultats
% des personnes avec chaque résultat
Percentile par nombre de réponses
Votre historique - résultats
Vous n’avez pas pris ce quiz